Los salvadoreños y salvadoreñas evalúan la situación del país a finales de 2007
সংরক্ষণ করুন:
| বিন্যাস: | পাঠ্য |
|---|---|
| বিষয়গুলি: | |
| ট্যাগগুলো: |
ট্যাগ যুক্ত করুন
কোনো ট্যাগ নেই, প্রথমজন হিসাবে ট্যাগ করুন!
|
MARC
| LEADER | 00000 a a2200000 04500 | ||
|---|---|---|---|
| 001 | 6900 | ||
| 003 | |||
| 040 | |||
| 245 | |a Los salvadoreños y salvadoreñas evalúan la situación del país a finales de 2007 | ||
| 650 | |a ENCUESTAS DE OPINION PUBLICA | ||
| 650 | |a ECONOMIA | ||
| 650 | |a VIOLENCIA | ||
| 650 | |a POBREZA | ||
| 650 | |a EL SALVADOR | ||
| 773 | |g volumen 28, número 1268; páginas 5-9 | ||
| 999 | |c 37063 |d 37063 | ||
